| 000 | 00352nam a2200133Ia 4500 | ||
|---|---|---|---|
| 008 | 240624s9999 xx 000 0 und d | ||
| 041 | _aeng | ||
| 082 | _a519.5 PAL | ||
| 100 | _aPAL NABENDU | ||
| 245 | _aSTATISTICS CONCEPTS AND APPLICATIONS | ||
| 260 |
_c2005 _aNew Delhi _bPrentice-Hall of India |
||
| 300 | _axxii, : 385 : p. : cm. ; 26 | ||
| 365 | _cRS | ||
| 999 |
_c3467 _d3467 |
||